00605nam a2200193Ia 450000500170000000800410001704100080005808200150006610000210008124500250010226000230012730000090015050000280015965000360018770000210022394200070024499900170025195201430026820251120192243.0230125s9999 xx 000 0 und d aeng a158.1bDYE aDyer W W9214886 aThe Sky is the limit c1980bDyer W W pub a364p aPersonality Development aPersonality Development9213420 aDyer W W9214886 cDB c92805d92805 00104070aHIMRbHIMRd1999-12-16eSatya Gilanig50.00o158.1 DYE DB0239pHIMR-DB-239r2023-01-25 00:00:00v50.00w2000-01-13yDBzDB0239